书目信息 |
| 题名: |
全球化之舞
|
|
| 作者: | 王育琨 著 | |
| 分册: | ||
| 出版信息: | 北京 北京师范大学出版社 2006.02 |
|
| 页数: | 177页 | |
| 开本: | 23cm | |
| 丛书名: | ||
| 单 册: | ||
| 中图分类: | F279.23 | |
| 科图分类: | ||
| 主题词: | 企业管理--qi ye guan li--研究--中国 | |
| 电子资源: | ||
| ISBN: | 7-303-07863-0 | |
| 000 | 00811nam0 2200229 450 | |
| 001 | 012007899646 | |
| 005 | 20070929110255.43 | |
| 010 | @a7-303-07863-0@dCNY26.00 | |
| 100 | @a20070725d2006 km y0chiy0120 ea | |
| 101 | 0 | @achi |
| 102 | @aCN@b110000 | |
| 105 | @ay z 000yy | |
| 200 | 1 | @a全球化之舞@Aquan qiu hua zhi wu@e向海而生的中国企业@f王育琨著@Fwang yu kun zhu |
| 210 | @a北京@c北京师范大学出版社@d2006.02 | |
| 215 | @a177页@d23cm | |
| 330 | @a本书了介绍中国企业界许多原生的全球化事件、鲜活的案例。反映了作者冷峻的观察,清明的智慧,深潜事物的本质,强有力的表达。 | |
| 517 | 1 | @a向海而生的中国企业@Axiang hai er sheng de zhong guo qi ye |
| 606 | 0 | @a企业管理@Aqi ye guan li@x研究@y中国 |
| 690 | @aF279.23@v4 | |
| 701 | 0 | @a王育琨@Awang yu kun@4著 |
| 801 | 0 | @aCN@c20070929 |
| 905 | @dF279.23@eW443 | |
| 全球化之舞:向海而生的中国企业/王育琨著.-北京:北京师范大学出版社,2006.02 |
| 177页;23cm |
| ISBN 7-303-07863-0:CNY26.00 |
| 本书了介绍中国企业界许多原生的全球化事件、鲜活的案例。反映了作者冷峻的观察,清明的智慧,深潜事物的本质,强有力的表达。 |
| ● |
| 相关链接 |
|
|
|
正题名:全球化之舞
索取号:F279.23/W443
 
预约/预借
| 序号 | 登录号 | 条形码 | 馆藏地/架位号 | 状态 | 备注 |
| 1 | 248196 | 202481965 | 社科二线422/409社科库 98排1列5层/ [索取号:F279.23/W443] | 在馆 | |
| 2 | 248197 | 202481974 | 社科库409/409社科库 98排1列5层/ [索取号:F279.23/W443] | 在馆 | |
| 3 | 248198 | 202481983 | 社科库409/400B社科库 20排1列1层/ [索取号:F279.23/W443] | 在馆 |